| 000 | 00000nam##2200000za#4500 |
| 001 | 9.569334 |
| 003 | CaOODSP |
| 005 | 20210624181723 |
| 007 | cr ||||||||||| |
| 008 | 150406|2000||||xxc|||||o f|0| 0 eng|d |
| 040 | |aCaOODSP|beng |
| 043 | |an-cn--- |
| 086 | 1 |aNH18-1-2/13-2000E-PDF |
| 110 | 2 |aCanada Mortgage and Housing Corporation. |
| 245 | 10|aLearning from suburbia : |h[electronic resource]|bresidential street pattern design / |cby Julie Tasker-Brown and Sevag Pogharian. |
| 260 | |aOttawa - Ontario : |bCanada Mortgage and Housing Corporation |cMarch 2000. |
| 300 | |a96p.|bfigs., graphs, maps, references, tables, photographs |
| 490 | 1 |aResearch report |
| 590 | |a12-27-Supp|b2012-06-12 |
| 720 | 1 |aPogharian, Sevag |
| 720 | 1 |aTasker-Brown, Julie |
| 830 | #0|aResearch report (Canada Mortgage and Housing Corporation : Online)|w(CaOODSP)9.506068 |
| 856 | 40|ahttp://publications.gc.ca|qPDF|s4 MB|uhttps://publications.gc.ca/collections/collection_2011/schl-cmhc/nh18-1-2/NH18-1-2-13-2000-eng.pdf |